| 000 | 00876 am a2200241ua 4500 | ||
|---|---|---|---|
| 001 | 1908 | ||
| 005 | 20240927112122.0 | ||
| 020 |
_a0439981069 (pbk.) : _c£3.99 |
||
| 040 |
_aStDuBDS _dUk |
||
| 082 | 0 | 4 |
_a612 _221 |
| 100 | 1 | _aArnold, Nick. | |
| 245 | 1 | 4 |
_aThe body owner's handbook / _cNick Arnold ; illustrated by Tony de Saulles. |
| 260 |
_aLondon : _bScholastic, _c2002. |
||
| 300 |
_a160 pages : _billustrations ; _c20 cm |
||
| 490 | 1 | _aHorrible science | |
| 505 | _aZ | ||
| 520 | _aIn this guide you'll discover a range of body bits and fantastic features you didn't even know you had, including an auto-repair function, a built-in cooling system, top-of-the-range sensory equipment, and waste disposal. | ||
| 521 |
_a1000
_bLexile |
||
| 521 |
_aZ
_bRaz-Plus |
||
| 650 | 0 |
_aBody, Human _vJuvenile literature. |
|
| 700 | 1 | _aDe Saulles, Tony. | |
| 942 |
_2ddc _cBK _n0 |
||
| 999 |
_c1908 _d1908 |
||